000 00508nam a2200181Ia 4500
005 20250508160107.0
008 008 250505s9999 xx 000 0 eng d
037 _aTextual
040 _aFEDL
_beng
_cFEDL
041 _aeng
_2eng
084 _a382.6, IND
_qFEDL
100 _aCampbell G A
_9107380
245 0 _aFacilities and assistance for exports
260 _aCoimbatore, India
_bGovernment of India
_c1968
300 _a17p.
942 _cTEXL
_h382.6, IND
999 _c1361653
_d1361653